| 000 | 00492nam a2200181Ia 4500 | ||
|---|---|---|---|
| 001 | 9020 | ||
| 005 | 20260306160652.0 | ||
| 008 | 260306t2012||||xx |||||||||||||| ||spa|| | ||
| 041 | _aESP | ||
| 082 |
_a372.304 _bV38 |
||
| 100 |
_aVázquez Fernández, Pilar _eAUT |
||
| 245 | 0 |
_aCompetencias básicas: _bdesarrollo y evaluación en educación primaria: proyecto Azahara |
|
| 260 | _c2012 | ||
| 300 |
_a454 páginas : _c24 cm. |
||
| 650 | _aGEN | ||
| 654 | _aCED | ||
| 942 |
_cLIB _dJUS _fJUS _2ddc _n |
||
| 999 |
_c9020 _d9020 |
||